Acta Revisada de Contadora

Na minha lista:
Detalhes bibliográficos
Autor Corporativo: Grupo de Contadora
Formato: Texto
Publicado em: Managua: Revista Pensamiento Propio
Tags: Adicionar Tag
Sem tags, seja o primeiro a adicionar uma tag!

MARC

LEADER 00000 a a2200000 04500
001 14102
003
040
090 |a 027400  
110 |a Grupo de Contadora  
245 |a Acta Revisada de Contadora  
260 |a Managua:   |b Revista Pensamiento Propio  
300 |a 16 p.  
999 |c 14135  |d 14135